<?xml version="1.0" encoding="UTF-8"?>
<record
    xmlns:xsi="http://www.w3.org/2001/XMLSchema-instance"
    xsi:schemaLocation="http://www.loc.gov/MARC21/slim http://www.loc.gov/standards/marcxml/schema/MARC21slim.xsd"
    xmlns="http://www.loc.gov/MARC21/slim">

  <leader>00610nam a22002177a 4500</leader>
  <controlfield tag="003">PILC </controlfield>
  <controlfield tag="005">20160127144255.0</controlfield>
  <controlfield tag="008">140123b        xxu||||| |||| 00| 0 eng d</controlfield>
  <datafield tag="020" ind1=" " ind2=" ">
    <subfield code="a">9780446618151</subfield>
  </datafield>
  <datafield tag="050" ind1=" " ind2=" ">
    <subfield code="a">PS 3569.P363 </subfield>
    <subfield code="b">.Sp26v 2005</subfield>
  </datafield>
  <datafield tag="100" ind1=" " ind2=" ">
    <subfield code="a">Sparks, Nicholas</subfield>
  </datafield>
  <datafield tag="245" ind1=" " ind2=" ">
    <subfield code="a">True believer</subfield>
    <subfield code="c"> Nicholas Sparks</subfield>
  </datafield>
  <datafield tag="260" ind1=" " ind2=" ">
    <subfield code="a">USA : </subfield>
    <subfield code="b">Grand Central Pub, </subfield>
    <subfield code="c">2005.  </subfield>
  </datafield>
  <datafield tag="300" ind1=" " ind2=" ">
    <subfield code="a">464p. :</subfield>
    <subfield code="b">ill. ;</subfield>
    <subfield code="c">18 cm.</subfield>
  </datafield>
  <datafield tag="650" ind1=" " ind2=" ">
    <subfield code="a">Science writers --Fiction</subfield>
  </datafield>
  <datafield tag="650" ind1=" " ind2=" ">
    <subfield code="a">Apparitions -- Fiction </subfield>
  </datafield>
  <datafield tag="650" ind1=" " ind2=" ">
    <subfield code="a">Cemeteries --Fiction</subfield>
  </datafield>
  <datafield tag="650" ind1=" " ind2=" ">
    <subfield code="a">North Carolina --Fiction. </subfield>
  </datafield>
  <datafield tag="942" ind1=" " ind2=" ">
    <subfield code="2">lcc</subfield>
    <subfield code="c">BK</subfield>
  </datafield>
  <datafield tag="999" ind1=" " ind2=" ">
    <subfield code="c">26094</subfield>
    <subfield code="d">26094</subfield>
  </datafield>
  <datafield tag="952" ind1=" " ind2=" ">
    <subfield code="0">0</subfield>
    <subfield code="1">0</subfield>
    <subfield code="2">lcc</subfield>
    <subfield code="4">0</subfield>
    <subfield code="a">LUX</subfield>
    <subfield code="b">LUX</subfield>
    <subfield code="c">FIC</subfield>
    <subfield code="d">2014-01-23</subfield>
    <subfield code="l">5</subfield>
    <subfield code="m">54</subfield>
    <subfield code="o">PS 3569.P363  .Sp26v 2005</subfield>
    <subfield code="p">19630</subfield>
    <subfield code="r">2017-11-08 00:00:00</subfield>
    <subfield code="s">2017-08-19</subfield>
    <subfield code="t">1</subfield>
    <subfield code="w">2014-01-23</subfield>
    <subfield code="y">BK</subfield>
  </datafield>
</record>
